000 00266nam a2200109Ia 4500
008 220204s9999 xx 000 0 und d
082 _a82-3
_bHIG
100 _aHiggins, Jack
245 0 _aIn the hour before midnight
260 _aNew York;Fawcett
_c1969
942 _cBK
999 _c33447
_d33447